| 000 | 01048nam1a22002411i 4500 | ||
|---|---|---|---|
| 001 | rc\3185607 | ||
| 005 | 20260407120246.0 | ||
| 035 | _a(NLR Aleph) 007336863 | ||
| 090 |
_a6067666 _c6067667 |
||
| 100 | _a20120628d1975 |||y0rusy50 ca | ||
| 101 | 0 | _arus | |
| 102 | _aRU | ||
| 105 | _ay z ||||| | ||
| 200 | 1 |
_aПортугальский язык _e(Пособие для начинающих) _fМ-во высш. и сред. спец. образ. СССР. Моск. гос. пед. ин-т иностр. яз. им. Мориса Тореза |
|
| 210 |
_aМосква _cБ. и. _d1975 |
||
| 215 | _d20 | ||
| 300 | _aНа обороте тит. л. сост.: преп. Воинова Н.Я. | ||
| 700 | 1 |
_aВоинова _bН.Я. _gНаталья Ярославовна _4220 |
|
| 712 | 0 | 2 |
_aМосковский педагогический институт иностранных языков им. М. Тореза _3RU\NLR\AUTH\889951025 _9397992 |
| 801 | 0 |
_aRU _bNLR _gpsbo |
|
| 801 | 1 |
_aRU _bELAR _2rusmarc |
|
| 852 |
_aNLR _j75-3/6548 |
||
| 942 | _cBOOK | ||